Search of Interaction Processes of Plasma Opposing Fluxes; 13 International symposium on high current electronics

Bibliografiske detaljer
Parent link:13 International symposium on high current electronics.— 2004.— [P. 387-389]
Andre forfattere: Dudkin G. N. Gennadiy Nikolaevich, Nechaev B. A. Boris Aleksandrovich, Padalko V. N. Vladimir Nikolaevich, Bystritskii V. M., Gerasimov V. V., Stolupin V. A., Wozniak J.
Summary:Title from the title-page.
The paper presents the results of experimental investigation of interaction processes between two opposite deuterium plasma flows generated by discharges in crossed Е x Н fields counterpropagating in a transverse direction towards the outer magnetic field. It was shown that neutron emission from the dd-reaction (dd → 3He + n) depends on effective interaction of practically depolarized flows; the magnetic field in the area of deuteron plasma flow collision quickly changes (~ 1011 G/s). It was experimentally found out that the area of effective interaction of plasma flows with the concentration of n <= 1016 сm-3 moves in the direction along the magnetic field during a discharge. During the measurements the flow energy stock was equal to up to 600 J and flow velocity was 3.5 · 107 сm/s. The obtained results can be used for correct interpretation of experiments on study of reactions between light nuclei in the area of ultralow particle collision energies in the input channel.
Режим доступа: из корпоративной сети ТПУ
Text files
Sprog:engelsk
Udgivet: 2004
Serier:Pinches, plasma focus and capillary discharge
Fag:
Online adgang:http://www.lib.tpu.ru/fulltext2/c/2004/C13/017.pdf
Format: MixedMaterials Electronisk Book Chapter
KOHA link:https://koha.lib.tpu.ru/cgi-bin/koha/opac-detail.pl?biblionumber=231730

MARC

LEADER 00000nla2a2200000 4500
001 231730
005 20240205113340.0
035 |a (RuTPU)RU\TPU\book\252753 
035 |a RU\TPU\book\252748 
090 |a 231730 
100 |a 20130205d2004 k y0engy50 ba 
101 0 |a eng 
102 |a RU 
105 |a y z 100zy 
135 |a drnn ---uucaa 
200 1 |a Search of Interaction Processes of Plasma Opposing Fluxes  |f G. N. Dudkin [et al.] 
203 |a Text  |c electronic 
225 1 |a Pinches, plasma focus and capillary discharge 
300 |a Title from the title-page. 
320 |a [References: p. 389 (6 tit.)] 
330 |a The paper presents the results of experimental investigation of interaction processes between two opposite deuterium plasma flows generated by discharges in crossed Е x Н fields counterpropagating in a transverse direction towards the outer magnetic field. It was shown that neutron emission from the dd-reaction (dd → 3He + n) depends on effective interaction of practically depolarized flows; the magnetic field in the area of deuteron plasma flow collision quickly changes (~ 1011 G/s). It was experimentally found out that the area of effective interaction of plasma flows with the concentration of n <= 1016 сm-3 moves in the direction along the magnetic field during a discharge. During the measurements the flow energy stock was equal to up to 600 J and flow velocity was 3.5 · 107 сm/s. The obtained results can be used for correct interpretation of experiments on study of reactions between light nuclei in the area of ultralow particle collision energies in the input channel. 
333 |a Режим доступа: из корпоративной сети ТПУ 
336 |a Text files 
337 |a Adobe Reader 
463 1 |0 (RuTPU)RU\TPU\book\75459  |t 13 International symposium on high current electronics  |o Tomsk, Russia, 25-29 July 2004  |f edited by B. Kovalchuk, G. Remnev  |v [P. 387-389]  |d 2004  |p 1 Multimedia CD-ROM 
610 1 |a физика 
610 1 |a плазма 
610 1 |a плазменные потоки 
610 1 |a взаимодействие 
610 1 |a процессы 
610 1 |a разряды 
610 1 |a магнитные поля 
610 1 |a труды учёных ТПУ 
610 1 |a электронный ресурс 
701 1 |a Dudkin  |b G. N.  |c specialist in the field of nuclear physics  |c Senior researcher of Tomsk Polytechnic University, Candidate of physical and mathematical sciences  |f 1944-  |g Gennadiy Nikolaevich  |3 (RuTPU)RU\TPU\pers\34190  |9 17724 
701 1 |a Nechaev  |b B. A.  |c physicist  |c leading engineer of Tomsk Polytechnic University  |f 1945-  |g Boris Aleksandrovich  |3 (RuTPU)RU\TPU\pers\34601 
701 1 |a Padalko  |b V. N.  |c physicist  |c Leading engineer of Tomsk Polytechnic University  |f 1949-  |g Vladimir Nikolaevich  |3 (RuTPU)RU\TPU\pers\32978 
701 1 |a Bystritskii  |b V. M. 
701 1 |a Gerasimov  |b V. V. 
701 1 |a Stolupin  |b V. A. 
701 1 |a Wozniak  |b J. 
801 1 |a RU  |b 63413507  |c 20120118 
801 2 |a RU  |b 63413507  |c 20161229  |g RCR 
856 4 |u http://www.lib.tpu.ru/fulltext2/c/2004/C13/017.pdf 
942 |c CF